Návrh výfukového systému pre vozidlo Patak Rodster
Salvato in:
| Autore principale: | |
|---|---|
| Altri autori: | |
| Natura: | Manoscritto Libro |
| Lingua: | slovacco |
| Pubblicazione: |
2025
|
| Soggetti: | |
| Accesso online: | http://is.stuba.sk/zp/portal_zp.pl?podrobnosti=185141 |
| Tags: |
Nessun Tag, puoi essere il primo ad aggiungerne!!
|
MARC
| LEADER | 00000ntm a22000003a 4500 | ||
|---|---|---|---|
| 001 | stuzp104221 | ||
| 003 | SK-STU | ||
| 005 | 20250621210305.5 | ||
| 007 | ta | ||
| 008 | 150427s2015----xo-----f-mn---000-0-slo-d | ||
| 040 | |a STU |b slo | ||
| 041 | 0 | |a slo | |
| 100 | 1 | |a Martiš, Daniel |u 020030 |4 aut |U SjF Strojnícka fakulta |T SjF Ústav automobilového inžinierstva a konštruovania |X 110684 |U J0030 |Y 806 |7 110684 | |
| 242 | 0 | 1 | |a Exhaust system design for the Patak Rodster |y eng |
| 245 | 1 | 0 | |a Návrh výfukového systému pre vozidlo Patak Rodster |
| 260 | |c 2025 | ||
| 650 | 4 | |a Patak Rodster |2 slo | |
| 650 | 4 | |a výfukový systém |2 slo | |
| 650 | 4 | |a L7-A2 |2 slo | |
| 650 | 4 | |a tlmič výfuku |2 slo | |
| 650 | 4 | |a Exhaust system |2 eng | |
| 650 | 4 | |a muffler |2 eng | |
| 650 | 4 | |a Patak Rodster |2 eng | |
| 650 | 4 | |a L7-A2 |2 eng | |
| 700 | 1 | |a Petrák, Peter |u 020030 |k Z1 |4 ths |U SjF Strojnícka fakulta |T SjF Ústav automobilového inžinierstva a konštruovania |X 2414 |U J0030 |Y 806 |7 A000002414 | |
| 856 | 4 | |u http://is.stuba.sk/zp/portal_zp.pl?podrobnosti=185141 | |